|
|
|
|
| LEADER |
00000naa2a2200000 4500 |
| 001 |
88339 |
| 005 |
20231031102612.0 |
| 035 |
|
|
|a (RuTPU)RU\TPU\book\94820
|
| 090 |
|
|
|a 88339
|
| 100 |
|
|
|a 20051223d2002 k y0rusy50 ca
|
| 101 |
0 |
|
|a rus
|
| 102 |
|
|
|a RU
|
| 200 |
1 |
|
|a Направление совершенствования электроснабжения коксохимического производства ЗСМК
|f В. А. Кассиров, А. В. Мацкевич
|g науч. рук. Б. В. Лукутин
|
| 463 |
|
0 |
|0 (RuTPU)RU\TPU\book\68468
|t Энергетика: экология, надежность, безопасность
|o труды четвертого Всероссийского студенческого научно-практического семинара, Томск, 24-26 апреля 2002 г.
|f Томский политехнический университет; Электротехнический институт; Региональный центр энергосбережения
|v С. 54-56.
|d 2002
|p 164 с.
|
| 610 |
1 |
|
|a электроснабжение
|
| 610 |
1 |
|
|a коксохимическое производство
|
| 610 |
1 |
|
|a металлургические комбинаты
|
| 610 |
1 |
|
|a труды учёных ТПУ
|
| 700 |
|
1 |
|a Кассиров
|b В. А.
|
| 701 |
|
1 |
|a Мацкевич
|b А. В.
|
| 702 |
|
1 |
|a Лукутин
|b Б. В.
|c специалист в области электротехники
|c профессор Томского политехнического университета, доктор технических наук
|f 1948-
|g Борис Владимирович
|2 stltpush
|4 727
|
| 801 |
|
1 |
|a RU
|b 63413507
|c 20051223
|g PSBO
|
| 801 |
|
2 |
|a RU
|b 63413507
|c 20140527
|g PSBO
|
| 942 |
|
|
|c BK
|